zpět

Detail výsledku týmu

The PUB Praha 6 , Praha

Datum a čas kvízu

33 Celkem bodů Celkový počet nahraných bodů na tomto kvízu bez doplňovacích otázek.
7. Pořadí na kvízu Konečné umístění týmu na tomto kvízu.

Zaznamenané odpovědi

# Otázka Odpověď Body Výsledky
1. Známý tanečník a choreograf, l... dearMoon 1
2. Jak se jmenuje osobnost roku 2... Volodymyr Zelenskij 1
3. Ve čtvrtek byly na Netflixu od... o princi Harrym a jeho ženě Meghan 1
4. Po 66 letech skončila nejstarš... TOTO 0
5. Jakým skóre skončil penaltový... 3:0 0
6. V tomto tématu si vždy vyberet... Taškent / Baku 1
7. Pokračujeme sportem. ZA BOD: K... Svatý Mořic / Barcelona 0.5
8. ZA BOD: Jak se jmenuje středně... impala / komodský 0.5
9. ZA BOD: Ke které značce odkazu... Perwoll / Flora 0
10. ZA BOD: Kdo režíroval film Leo... Luc Besson / Robert Zemeckis 1